Whose Europe is it? (notice n° 1631012)
[ vue normale ]
| 000 -LEADER | |
|---|---|
| fixed length control field | 01197cam a2200169 4500500 |
| 005 - DATE AND TIME OF LATEST TRANSACTION | |
| control field | 20260111104658.0 |
| 041 ## - LANGUAGE CODE | |
| Language code of text/sound track or separate title | fre |
| 042 ## - AUTHENTICATION CODE | |
| Authentication code | dc |
| 100 10 - MAIN ENTRY--PERSONAL NAME | |
| Personal name | Bohle, Dorothee |
| Relator term | author |
| 245 00 - TITLE STATEMENT | |
| Title | Whose Europe is it? |
| 260 ## - PUBLICATION, DISTRIBUTION, ETC. | |
| Date of publication, distribution, etc. | 2005.<br/> |
| 500 ## - GENERAL NOTE | |
| General note | 49 |
| 520 ## - SUMMARY, ETC. | |
| Summary, etc. | The paper addresses the question how concrete interests have shaped the outcome of the accession negotiations between the European Union and the Central East European applicant countries. Despite the general principle according to which the acquis communautaire is binding for both current and new member states from the date of enlargement on, a number of relevant exceptions have been made. In our paper we address two such exceptions in the fields of competition policy and free movement of labor. We ask about the rationale for the transition periods in these areas, the influence of interest groups, and draw conclusions concerning the overall balance of forces in an enlarged European Union. |
| 700 10 - ADDED ENTRY--PERSONAL NAME | |
| Personal name | Husz, Dóra |
| Relator term | author |
| 786 0# - DATA SOURCE ENTRY | |
| Note | Politique européenne | 15 | 1 | 2005-01-01 | p. 85-112 | 1623-6297 |
| 856 41 - ELECTRONIC LOCATION AND ACCESS | |
| Uniform Resource Identifier | <a href="https://shs.cairn.info/revue-politique-europeenne-2005-1-page-85?lang=en&redirect-ssocas=7080">https://shs.cairn.info/revue-politique-europeenne-2005-1-page-85?lang=en&redirect-ssocas=7080</a> |
Pas d'exemplaire disponible.




Réseaux sociaux